SITA WARRIOR OF MITHILA (Record no. 7213)
[ view plain ]
| 000 -LEADER | |
|---|---|
| fixed length control field | 00258nam a22001337a 4500 |
| 082 ## - DEWEY DECIMAL CLASSIFICATION NUMBER | |
| Classification number | 823 |
| Item number | AMI/SIT |
| 100 ## - MAIN ENTRY--AUTHOR NAME | |
| Personal name | AMISH |
| 245 ## - TITLE STATEMENT | |
| Title | SITA WARRIOR OF MITHILA |
| 260 ## - PUBLICATION, DISTRIBUTION, ETC. (IMPRINT) | |
| Name of publisher | WESTLAND |
| Year of publication | 2017 |
| 300 ## - PHYSICAL DESCRIPTION | |
| Number of Pages | 361 |
| 520 ## - SUMMARY, ETC. | |
| Summary, etc | STORY |
| 650 ## - SUBJECT ADDED ENTRY--TOPICAL TERM | |
| Topical Term | STORY |
| 942 ## - ADDED ENTRY ELEMENTS (KOHA) | |
| Koha item type | Books |
| Withdrawn status | Lost status | Collection code | Home library | Current library | Shelving location | Date acquired | Source of acquisition | Full call number | Accession Number | Koha item type | Cost, normal purchase price |
|---|---|---|---|---|---|---|---|---|---|---|---|
| Withdrawn | Fiction | Main Library | Main Library | SHELF-14A -ALPHABETICAL -A--ENGLISH NOVELS & FICTIONS | 16/01/2019 | PURCHASE | 823 AMI/SIT | 10441 | Books | ||
| Fiction | Main Library | Main Library | SHELF-14A -ALPHABETICAL -A--ENGLISH NOVELS & FICTIONS | 25/10/2017 | purchase | 823 AMI/SIT | 10088 | Books | 350.00 |